|
|
|
|
| LEADER |
00000nam a22000007a 4500 |
| 005 |
2022050209479.0 |
| 007 |
cr|||| |||| |
| 008 |
220502c20009999sg ar|w s|||| 0|||b1eng d |
| 022 |
|
|
|a 0219-6638
|
| 035 |
|
|
|a 36238
|
| 040 |
|
|
|a vLex
|
| 090 |
|
|
|c 13254
|d 13254
|
| 245 |
0 |
0 |
|a Singapore Academy of Law Annual Review
|h [Recurso electrn̤ico] /
|
| 256 |
|
|
|a Servicio en ln̕ea
|
| 260 |
|
|
|a Singapur:
|b Singapore Academy of Law,
|c 2000 -
|
| 300 |
|
|
|a 1 recurso electrn̤ico
|
| 310 |
|
|
|a Anual
|
| 500 |
|
|
|a The Singapore Academy of Law Annual Review of Singapore Cases (“SAL Ann Rev”) (ISSN 0219-6638) is an annual conspectus that encapsulates and evaluates decisions of the Singapore courts in the preceding year. Selected cases from other jurisdictions impacting local law are also discussed. Leading practitioners and academics contribute on their areas of specialty by way of comment, analyses and criticisms. The SAL Ann Rev is published annually in June.
|
| 506 |
1 |
|
|a Disponible solo en los productos indicados
|d vLex Global
|d vLex Global (Academic Edition, excluding Law Schools)
|d vLex Global (U.S. Academic Edition, Law Schools)
|d vLex Global (U.S. Academic Edition, excluding Law Schools)
|d vLex Global (Academic Edition, Law Schools)
|
| 650 |
0 |
4 |
|a Derecho Civil
|z Singapur
|
| 740 |
0 |
|
|a vLex Revistas (Servicio en ln̕ea)
|
| 856 |
4 |
0 |
|u https://app.vlex.com/#/sources/36238
|z Acceso restringido
|
| 942 |
|
|
|c REV
|
| 999 |
0 |
|
|a Civil Law
|